[Event "FRA-ch op-B"]
[Site "Pau"]
[Date "2012.08.24"]
[Round "10"]
[White "Roubert, Emile"]
[Black "Cattaneo, Romain"]
[Result "1-0"]
[WhiteElo "1927"]
[BlackElo "1915"]
[PlyCount "81"]
[EventDate "2012.08.14"]
[EventType "swiss"]
[EventRounds "11"]
[EventCountry "FRA"]
[SourceTitle "EXT 2013"]
[Source "ChessBase"]
[SourceDate "2012.11.22"]
[SourceVersion "1"]
[SourceVersionDate "2012.11.22"]
[SourceQuality "1"]

1. e4 g6 2. d4 Bg7 3. Nc3 d6 4. Be3 a6 5. a4 b6 6. Bc4 Bb7 7. Nf3 e6 8. 0-0 Nd7 9. Qd2 h6 10. Rad1 Ne7 11. Rfe1 g5 12. h3 Ng6 13. d5 e5 14. Ne2 Nf4 15. Ng3 Nf8 16. Nf5 Rh7 17. Bf1 Bc8 18. g3 N4g6 19. Nxg7+ Rxg7 20. b4 f6 21. c4 h5 22. Nh2 Nf4 23. Bxf4 gxf4 24. Qc3 a5 25. Be2 axb4 26. Bxh5+ Ke7 27. Qb3 Nd7 28. g4 Nc5 29. Qxb4 Rxa4 30. Qc3 Ba6 31. Nf3 Rxc4 32. Qa3 Ra4 33. Qc3 Nxe4 34. Qc2 Nc5 35. Nh4 Kf8 36. Nf5 Rd7 37. Nh6 Qe7 38. Qg6 Qh7 39. Qe8+ Kg7 40. Nf5+ Qxf5 41. gxf5 1-0

[Event "FRA-ch op-B"]
[Site "Pau"]
[Date "2012.08.17"]
[Round "4"]
[White "Ruch, Bernard"]
[Black "Cattaneo, Romain"]
[Result "1-0"]
[WhiteElo "1950"]
[BlackElo "1915"]
[PlyCount "65"]
[EventDate "2012.08.14"]
[EventType "swiss"]
[EventRounds "11"]
[EventCountry "FRA"]
[SourceTitle "EXT 2013"]
[Source "ChessBase"]
[SourceDate "2012.11.22"]
[SourceVersion "1"]
[SourceVersionDate "2012.11.22"]
[SourceQuality "1"]

1. d4 g6 2. c3 Nf6 3. Bg5 Bg7 4. Nd2 d6 5. e3 0-0 6. Be2 c6 7. h4 h6 8. Bf4 Nd5 9. Bg3 e5 10. dxe5 Bxe5 11. Bxe5 dxe5 12. Ngf3 Qe7 13. Qc2 a5 14. 0-0-0 b5 15. Rdg1 a4 16. g4 a3 17. b3 b4 18. c4 Nc3 19. Ne4 Nxe2+ 20. Qxe2 c5 21. g5 Bb7 22. Nf6+ Kg7 23. e4 h5 24. Rd1 Ra6 25. Rd2 Rd8 26. Rhd1 Rxd2 27. Rxd2 Rxf6 28. gxf6+ Qxf6 29. Ng5 Qf4 30. Qf3 Qxf3 31. Nxf3 f6 32. Rd8 Bxe4 33. Nd2 1-0

[Event "Marseille op 4th"]
[Site "Marseille"]
[Date "2011.12.28"]
[Round "6"]
[White "Lagarde, Benjamin"]
[Black "Cattaneo, Romain"]
[Result "1/2-1/2"]
[WhiteElo "1713"]
[BlackElo "1886"]
[PlyCount "114"]
[EventDate "2011.12.26"]
[EventType "swiss"]
[EventRounds "9"]
[EventCountry "FRA"]
[SourceTitle "CBM 146 Extra"]
[Source "ChessBase"]
[SourceDate "2012.02.29"]
[SourceVersion "1"]
[SourceVersionDate "2012.02.29"]
[SourceQuality "1"]

1. e4 g6 2. Nc3 c6 3. d4 d6 4. g3 Bg7 5. Bg2 Qc7 6. Nge2 Bg4 7. h3 Bxe2 8. Nxe2 Nd7 9. 0-0 e5 10. c3 Ne7 11. f4 f5 12. fxe5 dxe5 13. Be3 fxe4 14. Bxe4 exd4 15. cxd4 Nf6 16. Bg2 Nfd5 17. Qd2 Rf8 18. Bf4 Qb6 19. Rad1 0-0-0 20. Bg5 Qc7 21. Bxd5 Rxd5 22. Rxf8+ Bxf8 23. Rf1 Rf5 24. Bxe7 Rxf1+ 25. Kxf1 Qxe7 26. Nc3 Qd7 27. Kg2 Bg7 28. d5 Bxc3 29. Qxc3 Qxd5+ 30. Kh2 Qd8 31. b4 h5 32. b5 Qe8 33. bxc6 Qxc6 34. Qh8+ Kc7 35. Qg7+ Kb6 36. Qb2+ Ka6 37. Qa3+ Kb6 38. Qb2+ Ka5 39. Qa3+ Qa4 40. Qc5+ Ka6 41. Qd6+ b6 42. Qxg6 Qxa2+ 43. Kg1 Qa1+ 44. Kf2 Qd4+ 45. Kf3 Qd1+ 46. Kf4 Qd2+ 47. Kf3 Qd1+ 48. Kf4 Qf1+ 49. Kg5 Qf3 50. Kh4 Ka5 51. Qxh5+ Qxh5+ 52. Kxh5 b5 53. g4 b4 54. g5 b3 55. g6 b2 56. g7 b1Q 57. g8Q a6 1/2-1/2

[Event "Marseille op 4th"]
[Site "Marseille"]
[Date "2011.12.27"]
[Round "3"]
[White "Cattaneo, Romain"]
[Black "Bekhouche, Erick"]
[Result "1-0"]
[WhiteElo "1886"]
[BlackElo "1663"]
[PlyCount "77"]
[EventDate "2011.12.26"]
[EventType "swiss"]
[EventRounds "9"]
[EventCountry "FRA"]
[SourceTitle "CBM 146 Extra"]
[Source "ChessBase"]
[SourceDate "2012.02.29"]
[SourceVersion "1"]
[SourceVersionDate "2012.02.29"]
[SourceQuality "1"]

1. e4 e6 2. d3 d5 3. Nd2 Ne7 4. f4 c5 5. Ngf3 g6 6. c3 Nbc6 7. g3 Bg7 8. Qe2 b6 9. e5 a5 10. Qf2 Ra7 11. d4 cxd4 12. Nxd4 Nxd4 13. cxd4 0-0 14. Bd3 f6 15. Nf3 fxe5 16. dxe5 Nc6 17. Qe2 Nb4 18. Bb5 Rc7 19. Nd4 Bd7 20. Bxd7 Qxd7 21. a3 Nc6 22. Nb5 Rcc8 23. 0-0 Ne7 24. a4 Nf5 25. b3 Qc6 26. Ba3 Rf7 27. Rac1 Qb7 28. Rxc8+ Qxc8 29. Rc1 Qb7 30. Qc2 h5 31. Qc8+ Kh7 32. Qxe6 d4 33. Rc6 Ne7 34. Bxe7 Rxe7 35. Qxg6+ Kg8 36. Nxd4 Qd7 37. Rd6 Qc7 38. Nc6 b5 39. Rd8+ 1-0

[Event "EU Union-ch 6th"]
[Site "Arvier"]
[Date "2010.09.06"]
[Round "3"]
[White "Bogatto, Mario"]
[Black "Cattaneo, Romain"]
[Result "0-1"]
[WhiteElo "1455"]
[BlackElo "1880"]
[PlyCount "118"]
[EventDate "2010.09.04"]
[EventType "swiss"]
[EventRounds "9"]
[EventCountry "ITA"]
[SourceTitle "CBM 138 Extra"]
[Source "ChessBase"]
[SourceDate "2010.10.29"]
[SourceVersion "1"]
[SourceVersionDate "2010.10.29"]
[SourceQuality "1"]

1. e4 e5 2. Ne2 Nc6 3. Nbc3 Bc5 4. d3 d6 5. Be3 Bb6 6. Bxb6 axb6 7. g3 Nf6 8. Bg2 0-0 9. Qd2 Ne7 10. 0-0 c5 11. f4 Bd7 12. a4 Ne8 13. fxe5 dxe5 14. b3 Nc7 15. Rf2 b5 16. Raf1 bxa4 17. Qg5 Nc6 18. Qxd8 Nxd8 19. Nxa4 Bxa4 20. bxa4 Rxa4 21. Nc3 Ra3 22. Nd5 Nxd5 23. exd5 b5 24. Rb1 b4 25. Re2 f6 26. Rb3 Rxb3 27. cxb3 Nb7 28. Ra2 Rc8 29. Ra6 Rd8 30. Rc6 Na5 31. Rxc5 Nxb3 32. Rb5 Nc1 33. Rxb4 Nxd3 34. Rb3 Nc5 35. Rc3 Na6 36. Rc4 Kf8 37. Rc6 Nb4 38. Rc5 Ke7 39. Rb5 Na6 40. Rb7+ Rd7 41. Rb6 Nc7 42. Rb7 f5 43. Kf2 e4 44. g4 Nxd5 45. Rxd7+ Kxd7 46. gxf5 e3+ 47. Ke1 Nf4 48. Be4 h6 49. h4 Kd6 50. Bb1 Ke5 51. Bc2 Kd4 52. Bb1 Ng2+ 53. Ke2 Nxh4 54. Ke1 Ke5 55. Bd3 Nxf5 56. Bf1 Nd4 57. Bd3 g5 58. Bf1 g4 59. Bg2 Kf4 0-1

[Event "Marseille op 2nd "]
[Site "Marseille"]
[Date "2009.12.28"]
[Round "5"]
[White "Cattaneo, Romain"]
[Black "Fayette, Sylvain"]
[Result "0-1"]
[WhiteElo "1897"]
[BlackElo "1996"]
[PlyCount "30"]
[EventDate "2009.12.26"]
[EventType "swiss"]
[EventRounds "9"]
[EventCountry "FRA"]
[SourceTitle "CBM 134 Extra"]
[Source "ChessBase"]
[SourceDate "2010.03.03"]
[SourceVersion "1"]
[SourceVersionDate "2010.03.03"]
[SourceQuality "1"]

1. Nf3 c5 2. g3 b6 3. Bg2 Bb7 4. 0-0 e6 5. d4 cxd4 6. Nxd4 Bxg2 7. Kxg2 Nf6 8. Nb5 d6 9. Bf4 Nd5 10. Bxd6 Bxd6 11. e4 Be5 12. exd5 Bxb2 13. Qf3 0-0 14. dxe6 Na6 15. Rd1 Qf6 0-1

[Event "FRA-ch op-B"]
[Site "Nimes"]
[Date "2009.08.11"]
[Round "1"]
[White "Cattaneo, Romain"]
[Black "Domenech, Vianney"]
[Result "0-1"]
[WhiteElo "1869"]
[BlackElo "1984"]
[PlyCount "63"]
[EventDate "2009.08.11"]
[EventType "swiss"]
[EventRounds "11"]
[EventCountry "FRA"]
[SourceTitle "EXT 2011"]
[Source "ChessBase"]
[SourceDate "2010.11.26"]
[SourceVersion "1"]
[SourceVersionDate "2010.11.26"]
[SourceQuality "1"]

1. e4 d5 2. exd5 Qxd5 3. Nc3 Qa5 4. d4 Nf6 5. Bd2 c6 6. Bc4 Bg4 7. f3 Bf5 8. Nge2 Nbd7 9. Ng3 Bg6 10. Qe2 Qc7 11. f4 h5 12. f5 Bh7 13. Rf1 h4 14. Nge4 Nxe4 15. Nxe4 Nf6 16. Nxf6+ gxf6 17. Qh5 0-0-0 18. Qxh4 Qb6 19. Bxf7 Qxb2 20. Be6+ Kb8 21. Qg3+ Ka8 22. Qc3 Qb6 23. 0-0-0 Bg8 24. Be3 Bxe6 25. d5 Bh6 26. Bxh6 Bxd5 27. Be3 Qa6 28. Qc5 Qxa2 29. Rd3 b6 30. Ra3 bxc5 31. Rxa2 Bxa2 32. Bxc5 0-1

[Event "Condom op 4th"]
[Site "Condom"]
[Date "2005.07.15"]
[Round "8"]
[White "Froeyman, Helmut"]
[Black "Cattaneo, Romain"]
[Result "1-0"]
[WhiteElo "2332"]
[BlackElo "1792"]
[PlyCount "47"]
[EventDate "2005.07.09"]
[EventType "swiss"]
[EventRounds "9"]
[EventCountry "FRA"]
[SourceTitle "CBM 107 Extra"]
[Source "ChessBase"]
[SourceDate "2005.09.01"]
[SourceVersion "1"]
[SourceVersionDate "2005.09.01"]
[SourceQuality "1"]

1. e4 e5 2. Nf3 Nf6 3. Nxe5 d6 4. Nf3 Nxe4 5. d4 d5 6. Bd3 Be7 7. 0-0 Nc6 8. c4 Nb4 9. Be2 0-0 10. Nc3 Bf5 11. a3 Nxc3 12. bxc3 Nc6 13. Re1 Re8 14. Bf4 Na5 15. cxd5 Qxd5 16. Bd3 Bd6 17. Bxd6 cxd6 18. Qa4 Be6 19. Be4 Bd7 20. Bxh7+ Kxh7 21. Qxd7 Rh8 22. Re5 Qxf3 23. gxf3 dxe5 24. Qxf7 1-0

[Event "Marseille op"]
[Site "Marseille"]
[Date "2005.07.??"]
[Round "8"]
[White "Nabavi, Parwis"]
[Black "Cattaneo, Romain"]
[Result "1-0"]
[WhiteElo "2128"]
[BlackElo "1800"]
[PlyCount "45"]
[EventDate "2005.06.??"]
[EventType "swiss"]
[EventRounds "9"]
[EventCountry "FRA"]
[SourceTitle "EXT 2006"]
[Source "ChessBase"]
[SourceDate "2005.11.24"]
[SourceVersion "1"]
[SourceVersionDate "2005.11.24"]
[SourceQuality "1"]

1. d4 d5 2. c4 e6 3. Nc3 Nf6 4. Bg5 Nbd7 5. e3 Be7 6. Nf3 c6 7. Bd3 dxc4 8. Bxc4 b5 9. Bd3 a6 10. 0-0 0-0 11. Qe2 Bb7 12. Rfd1 Qb6 13. a4 b4 14. a5 Qc7 15. Ne4 Nd5 16. Bxe7 Nxe7 17. Rdc1 Nd5 18. Nc5 Nxc5 19. Rxc5 Rfd8 20. Ra4 Bc8 21. Ne5 Rd6 22. Qc2 f5 23. Nxc6 1-0

[Event "Marseille op"]
[Site "Marseille"]
[Date "2003.12.30"]
[Round "7"]
[White "Cattaneo, Romain"]
[Black "Jamme, Jean Pierre"]
[Result "1-0"]
[WhiteElo "1810"]
[BlackElo "2090"]
[PlyCount "59"]
[EventDate "2003.12.26"]
[EventType "swiss"]
[EventRounds "9"]
[EventCountry "FRA"]
[SourceTitle "CBM 097 Extra"]
[Source "ChessBase"]
[SourceDate "2004.01.13"]
[SourceVersion "1"]
[SourceVersionDate "2004.01.13"]
[SourceQuality "1"]

1. b4 e6 2. Bb2 b6 3. e3 Bb7 4. Nf3 Nf6 5. d3 c5 6. b5 d5 7. c4 Nbd7 8. d4 Rc8 9. Nbd2 Be7 10. Be2 cxd4 11. Nxd4 Nc5 12. 0-0 0-0 13. a4 Qc7 14. N4b3 Nfd7 15. cxd5 exd5 16. Nxc5 bxc5 17. Nf3 Bf6 18. Bxf6 Nxf6 19. Rc1 Ne4 20. Qc2 f5 21. Nd2 Qa5 22. Nxe4 fxe4 23. Bg4 Rc7 24. Be6+ Kh8 25. Rfd1 Rd8 26. Qxe4 d4 27. Qh4 Rd6 28. Bf5 g6 29. Bc2 Qc3 30. Qf4 1-0